00668nam a2200241 a 4500001001300000003000900013005001700022008004100039020000800080082001600088100002400104245001700128260003100145300000900176500003500185505001400220650002600234700002400260902000800284942000700292952011200299999001500411nice12345678IN_TiNIC20260116011627.0050524s1958 laha grp 000 0 urd  ac700a922.97bMEH aMehr, Ghulam Rasool aNaqsh-E-Azad aLahorebKitab Manzilc1958 a360p aincludes index and biblioraphy2 areference aAbul Kalam Azad-Prose1 aMehr, Ghulam Rasool bSRS cBK 001040708StackRoom-aHMIbHMId2007-06-06g7.00l0o922.97 MEHp04858r2007-06-06v7.00w2005-05-24yBK c2973d2973